MARC

LEADER 00000nam0a2200000 4500
001 267434
005 20231101234100.0
020 |a RU  |b 87-13985 
035 |a (RuTPU)RU\TPU\book\290491 
090 |a 267434 
100 |a 20140729d1987 k y0rusy5003 ca 
101 0 |a rus 
102 |a UA 
105 |a y z 000zy 
200 1 |a Сущность и явление  |f Академия наук Украинской ССР (АН УССР) ; под ред. М. А. Парнюка 
210 |a Киев  |c Наукова думка  |d 1987 
215 |a 296 с. 
225 1 |a Материалистическая диалектика 
300 |a Авт. указаны на обороте тит. л. 
606 1 |a Сущность и явление  |x Философские категории  |2 stltpush  |3 (RuTPU)RU\TPU\subj\58349  |9 76142 
610 1 |a материалистическая диалектика 
610 1 |a философские категории 
610 1 |a диалектика 
610 1 |a общественная практика 
686 |a Ю212.78  |2 rubbk 
702 1 |a Парнюк  |b М. А.  |g Михаил Алексеевич  |4 340 
712 0 2 |a Академия наук Украинской ССР (АН УССР)  |c (1936-1991)  |2 stltpush  |3 (RuTPU)RU\TPU\col\332 
801 0 |a RU  |b RuMRKP  |c 19960705  |g psbo 
801 1 |a RU  |b 63413507  |c 20140729 
801 2 |a RU  |b 63413507  |c 20151103  |g RCR 
942 |c BK